Statistiques concernant Culture Générale - Série 218

Cliquez ici pour prendre le quiz!

Statistiques générales

  • Ce quiz a été pris 233 fois
  • Le résultat moyen est 5 sur 10

Statistiques - réponses

QuestionRéponse% Correct
Quel océan baigne les Maldives ?L'océan Indien
98%
Dans quelle capitale européenne se situe la villa Borghèse ?Rome
88%
Quel animal peut-on avoir "au plafond" quand on a l'esprit dérangé ?Une araignée
83%
Selon le calendrier, quel nom porte le mercredi qui suit le mardi gras ?Les Cendres
63%
Quels mots complètent le proverbe commençant par "Chacun pour soi et" ?Dieu pour tous
58%
Quel héros de dessin animé japonais commande le vaisseau "Atlantis" ?Albator
40%
Quel est le nom du vaisseau commandé par James Kirk dans "Star Trek" ?L'Enterprise
29%
Qui interprète la chanson "Here's to You" en 1971 ?Joan Baez
26%
De quel comédien Madeleine Renaud était-elle l'épouse ?Jean-Louis Barrault
21%
Quel nom portait l'assemblée qui gouverna la France de 1792 à 1795 ?La Convention
18%

Distribution des résultats

Percentile par nombre de réponses

% des personnes avec chaque résultat

Votre développement - résultats

Vous n’avez pas pris ce quiz